| 000 | 02067aab a2200445 a 4500 | ||
|---|---|---|---|
| 003 | AR-RoUNA | ||
| 008 | 140529||||||||||||||||| |||| 0|||| d | ||
| 040 |
_aAR-RoUNA _bspa |
||
| 041 |
_aspa _aeng |
||
| 044 | _aag | ||
| 080 | _a72.036 | ||
| 092 | _lON58 | ||
| 245 | 1 | 3 |
_aOn Diseño / _nNº 175 |
| 260 |
_aBarcelona : _bOn Diseño, _c1996 |
||
| 300 |
_a207 p. : _bdib. _bfot. col. _bplantas _c29x24 cm |
||
| 505 | 0 | _aAranguren López María José y Gonzalez Gallegos / Taller de restauración del Museo Arqueológico de Cáceres. p. 136 | |
| 505 | 0 | _aJunquera Jerónimo y Perez Pita Estanilao /Edificio de oficinas en las Rozas. (Madrid). p. 146 | |
| 505 | 0 | _aFerrater Carlos. Bento Carlos. Sanahuja Jaime / Parque tecnológico IMPIVA. Castelló. p. 158. | |
| 505 | 0 | _aPuente Fernández Carlos / Casa de cultura de Ciempozuelos. (Madrid). p. 168 | |
| 505 | 0 | _aMartínez Lapeña José Antonio y Torres Tur Elías/ Edificio de viviendas en las colonia san José. (Madrid). p.184 | |
| 505 | 0 | _aBayón Mariano/ Edificio ABC Serrano. p.188 | |
| 505 | 0 | _aTorres Nadal José María / Biblioteca del Estado en Murcia. p. 192 | |
| 505 | 0 | _aRocha Joao Alvaro. Gigante José Manuel. Portugal Francisco / Instituto de Comunicaciones de Portugal. Delegación de ICP Norte. (Porto). p. 196 | |
| 505 | 0 | _aLinazasoro José Ignacio/ Biblioteca Universitaria en Madrid. p. 200 | |
| 505 | 0 | _aGuallart Vicente y Diaz Nuria / Vivienda moderna en el límite de la ciudad. p. 204 | |
| 505 | 0 | _tDISEÑO Y COMUNICACIÓN | |
| 505 | 0 | _aProyecto Azul: la nueva imagen de Pepsi. | |
| 505 | 0 | _aLandor Associates (Madrid). | |
| 505 | 0 | _aNuevas aportaciones de diseño. | |
| 650 |
_aArquitectura contemporanea _912621 |
||
| 653 | _aExposiciones | ||
| 653 | _aPremios | ||
| 700 | 1 |
_aLlopis, Carme _edrt _912622 |
|
| 773 |
_aOn Diseño _dBarcelona, AramEdiciones S.A, 1996 _gNº175 ( 1996). p.207 _x0210-2080 |
||
| 908 | _aImp | ||
| 930 |
_c170 _e6916 |
||
| 942 |
_2udc _cART |
||
| 945 |
_aMBP _d2019-02-20 |
||
| 980 |
_86 _gMirna Bonanno Potro _66 _aMirna Bonanno Potro |
||
| 999 |
_c12103 _d12103 |
||